Terrestrial radio waves (Record no. 1012)

MARC details
000 -LEADER
fixed length control field 00533nam a2200181Ia 4500
003 - CONTROL NUMBER IDENTIFIER
control field IN-BaIIA
008 - FIXED-LENGTH DATA ELEMENTS--GENERAL INFORMATION
fixed length control field 211028s9999 xx 000 0 eng d
040 ## - CATALOGING SOURCE
Transcribing agency IIA Library
080 ## - UNIVERSAL DECIMAL CLASSIFICATION NUMBER
Universal Decimal Classification number 551.510.6
Item number BRE
100 ## - MAIN ENTRY--PERSONAL NAME
Personal name Bremmer, H.
9 (RLIN) 2182
245 #0 - TITLE STATEMENT
Title Terrestrial radio waves
Remainder of title theory of propagation
Statement of responsibility, etc. H. Bremmer
260 ## - PUBLICATION, DISTRIBUTION, ETC.
Place of publication, distribution, etc. New York
Name of publisher, distributor, etc. Elsevier
Date of publication, distribution, etc. 1949
300 ## - PHYSICAL DESCRIPTION
Extent x, 343p.
650 ## - SUBJECT ADDED ENTRY--TOPICAL TERM
Topical term or geographic name entry element Atmosphere
9 (RLIN) 458
650 ## - SUBJECT ADDED ENTRY--TOPICAL TERM
Topical term or geographic name entry element NASA thesaurus
650 ## - SUBJECT ADDED ENTRY--TOPICAL TERM
Topical term or geographic name entry element Theory of propagation
9 (RLIN) 2183
942 ## - ADDED ENTRY ELEMENTS (KOHA)
Koha item type Books
Holdings
Withdrawn status Lost status Damaged status Not for loan Home library Current library Shelving location Date acquired Cost, normal purchase price Total Checkouts Full call number Barcode Date last seen Cost, replacement price Price effective from Koha item type Purchase Price
        IIA Library-Bangalore IIA Library-Bangalore General Stacks   33.75   551.510.6/ BRE 1055 05/11/2021 33.75   Books Rs. 33.75

Powered by Koha